Koi : everything about selection, care, nutrition, diseases, breeding, pond design and maintenance, and popular aquatic plants

Bibliographic Details
Main Author: Blasiola, George C
Corporate Author: Title
Format: Book
Published: New York : Barron's Educational , 1995
Subjects:
Koi

MARC

LEADER 00000cam a2200000 7i4500
001 0000007681
005 20070905.0
008 070405
020 |a 0812035682 
090 0 0 |a 639.3752   |b BLA 
100 1 |a Blasiola, George C 
245 1 0 |a Koi :   |b everything about selection, care, nutrition, diseases, breeding, pond design and maintenance, and popular aquatic plants   |c George C Blasiola II 
260 |a New York :   |b Barron's Educational ,   |c 1995 
650 0 |a Koi 
710 0 |a Title 
999 |a 0000982915   |b Book   |c Adult Collection   |e Perbadanan Perpustakaan Awam Johor